Fundamentos de Yoga: manual de teoría, práctica y aplicación
Tallennettuna:
| Päätekijä: | |
|---|---|
| Aineistotyyppi: | Kirja |
| Kieli: | espanja |
| Julkaistu: |
Buenos Aires
Dédalo
1973
|
| Painos: | 1a. ed |
| Aiheet: | |
| Tagit: |
Lisää tagi
Ei tageja, Lisää ensimmäinen tagi!
|
MARC
| LEADER | 00000cam a2200000 a 4500 | ||
|---|---|---|---|
| 001 | UCE1419 | ||
| 003 | CL-VaPUC | ||
| 008 | 140414e19730000ag |||||||||||||||||spa|d | ||
| 082 | 0 | 4 | |a 294.5436 |b MIS |2 21 |
| 100 | |a Mishra, Rammurti S. |e autor |9 573712 | ||
| 245 | 1 | 0 | |a Fundamentos de Yoga: manual de teoría, práctica y aplicación |
| 250 | |a 1a. ed | ||
| 300 | |a 270 p | ||
| 942 | |c BK | ||
| 945 | |d 20140414 |a dcastane | ||
| 260 | |a Buenos Aires |b Dédalo |c 1973 | ||
| 650 | 0 | |a Yoga |9 312609 | |
| 650 | 0 | |a Filosofía hindú |9 431231 | |
| 650 | 7 | |a MITOLOGIA HINDU |2 CL-VaPUC |9 573713 | |
| 583 | |a last modification |c 20140424 10:41:45 |k Rodrigo Vera | ||
| 999 | |c 355206 |d 355204 | ||
| 952 | |0 0 |1 0 |3 erb |4 0 |6 294_543600000000000_MIS_1973 |7 0 |8 A |9 461756 |a BIBART |b BIBART |i 5055229 |o 294.5436 MIS 1973 |p 5055229 |r 2025-03-13 |w 2019-11-23 |y BK |z Catalogado en:20140414 |k ART | ||